01815nam a22001937a 4500999001700000020001800017082001900035100001600054245007700070260002800147300001500175440006700190504001800257520109700275546001001372650010501382942001201487952012201499 c23140d23140 a9781138206823 a 363.342bGOV- aIlan Kelman aGovernance of Risk, Hazards and Disastersbtrends in theory and practice aLondonbRoutledgec2018 axxvi, 295p aRoutledge Studies in Hazards, Disaster Risk and Climate Change aInclude Index aGrowing debates around governance are taking place among academic, policy-making, and practice-based communities. In light of the increasing focus on governance, this book presents and discusses governance as a framework that is able to both conceptualize and contextualize risks and disasters as currently experienced and managed into social systems. Contributions offer a variety of perspectives, experiences and socio-cultural contexts which have identified the challenges, opportunities and critiques of promoting governance. Part I explores approaches, models, and keywords as applied to risk and disaster governance theory. Part II investigates practices of risk governance and associated issues by focusing on disaster risk reduction policy and practice. Finally, Part III explores practices of disaster governance and associated issues, by focusing on disaster recovery experiences. This book highlights cutting-edge recent theoretical and empirical trends and is a valuable resource for students, academics, practitioners and policy-makers interested in risk and disaster governance. a . . aSocial Problem vEmergency managementvNatural disastersvEnvironmental disastersvHazard mitigation cBK2ddc 00104070aNASSDOCbNASSDOCd2019-05-09eOPi2019-03-26l0o363.342 GOV-p50333r2019-05-09 00:00:00w2019-05-09yBK